Statistics for Movie Titles from a Parallel Dimension #5

Click here to take the quiz!

General Stats

  • This quiz has been taken 569 times
  • The average score is 12 of 20

Answer Stats

Regular Movie% Correct
Walter Disney's...FreezingFrozen
100%
Vinny Diesel in...Toretto's Family And The FreewayThe Fast and the Furious
89%
Tom Hunks in...Soldiers Pursuing RecruitSaving Private Ryan
86%
Stan Kubrick's...2001: A Strange Oblong2001: A Space Odyssey
85%
Johnny Depth in...Eric ScythefingersEdward Scissorhands
85%
Tom Hollandaise in...Slinger-Man: HighschoolSpider-Man: Homecoming
83%
Quentin Tarantula's...Ignobel ButheadsInglourious Basterds
71%
Robbin Williams in...Defiantly Provocative SchoolteacherDead Poet's Society
62%
Harrison Force in...America's Flying OfficeAir Force One
60%
Leonardo DiCapricorn in...Trapper's RevengeThe Revenant
60%
Henry Caville in...Moody Overcast SupermanMan Of Steel
59%
Keanu Reefs in...The Demon's AttorneyThe Devil's Advocate
57%
Montie Python's...Lord Of BuffoonsLife of Brian
53%
Megan Ryan in...Woman Has Male Soulmate...When Harry Met Sally...
48%
Peter O'Tool in...Lands Oppressively AridLawrence of Arabia
45%
Daniel Dave-Lewis in...Tycoon Wields Bowling BallsThere Will Be Blood
34%
Denzel Washingboard in...Tutor DetectiveTraining Day
33%
Key Huy Quan in...Treasure GalleonThe Goonies
27%
Fay Dunaway in...NewscastNetwork
22%
Steven Spellbind's...Teen FilmmakerThe Fabelmans
20%

Score Distribution

Percentile by Number Answered

Percent of People with Each Score

Your Score History

You have not taken this quiz